000 00780nam a22002297a 4500
003 OSt
005 20260203081742.0
008 260203b |||||||| |||| 00| 0 eng d
020 _a0-8058-4121-0.
040 _aDWC-Main lib.
_cOC
082 _aCirc. 371.227072 H236 2004
100 _aLinn, Patricia L.
245 _aHandbook for research in cooperative education and internships/
_cPatricia L. Linn
260 _aNew Jersey :
_bLawrence Erlbaum Associates, Publishers,
_cc2004.
300 _axix, 460 p. p. ;
_c23 cm.
504 _aIncludes bibliographical references and index.
650 _a1. Cooperative education-Research.
650 _a2. Internship programs-Research.
700 _aHoward, Adam
700 _dMiller, Eric
942 _2ddc
_cBK-CIRC
_hCirc.
_n0
999 _c8216
_d8216